[Event "TUR-ch Istanbul"]
[Site "Istanbul"]
[Date "2006.03.22"]
[Round "12.3"]
[White "Can, Emre"]
[Black "Yagiz, Yasin Emrah"]
[Result "1-0"]
[WhiteElo "2281"]
[BlackElo "2209"]
[PlyCount "97"]
[EventDate "2006.??.??"]

1. e4 e5 2. Nf3 Nc6 3. Bc4 Bc5 4. c3 Bb6 5. d4 Qe7 6. O-O d6 7. a4 a6 8. Be3
Nf6 9. dxe5 Nxe5 10. Nxe5 dxe5 11. Bxb6 cxb6 12. Qb3 O-O 13. Qxb6 Nxe4 14. Re1
Nd6 15. Na3 Bf5 16. Qc5 Rac8 17. Qxe5 Qxe5 18. Rxe5 Nxc4 19. Nxc4 Rxc4 20. Rxf5
Rd8 21. Re5 Rxa4 22. Rae1 g6 23. Re7 Rd2 24. Rxb7 Ra2 25. Rb1 a5 26. g3 a4 27.
Ra7 Kg7 28. Ra6 g5 29. g4 Rc2 30. Kg2 f6 31. Ra7+ Kg6 32. Ra6 Kf7 33. Ra7+ Kg6
34. Kg1 h5 35. h3 a3 36. Rxa3 Rxa3 37. bxa3 Rxc3 38. Ra1 hxg4 39. hxg4 Rc4 40.
a4 Rxg4+ 41. Kf1 Rh4 42. Kg2 Rh7 43. a5 Ra7 44. a6 f5 45. Kf3 Kh5 46. Ra5 Kh4
47. Ra4+ f4 48. Ra5 Kh5 49. Ra1 1-0

[Event "TUR-ch Istanbul"]
[Site "Istanbul"]
[Date "2006.03.22"]
[Round "12.4"]
[White "Korkmaz, Necmettin"]
[Black "Atakisi, Umut"]
[Result "0-1"]
[WhiteElo "2071"]
[BlackElo "2441"]
[PlyCount "80"]
[EventDate "2006.??.??"]

1. e4 c6 2. d4 d5 3. Nc3 dxe4 4. Nxe4 Bf5 5. Ng3 Bg6 6. h4 h6 7. Nf3 Nd7 8. h5
Bh7 9. Bd3 Bxd3 10. Qxd3 e6 11. Bd2 Ngf6 12. O-O-O Be7 13. Qe2 O-O 14. Ne4 Nxe4
15. Qxe4 Nf6 16. Qe2 Qd5 17. Kb1 Qe4 18. Be3 Ng4 19. Nd2 Qf5 20. Nc4 b5 21. Ne5
Nxe5 22. dxe5 Qxe5 23. f4 Qf5 24. Qf3 e5 25. g4 Qf6 26. f5 Rfd8 27. Rdg1 Qd6
28. g5 e4 29. Qg4 Bxg5 30. Bxg5 hxg5 31. Qxg5 Qe5 32. h6 g6 33. Qh5 Rd5 34.
Rxg6+ fxg6 35. Qxg6+ Kh8 36. f6 Qg5 37. Qg7+ Qxg7 38. hxg7+ Kg8 39. c4 Rdd8 40.
Re1 Re8 0-1

[Event "TUR-ch Istanbul"]
[Site "Istanbul"]
[Date "2006.03.22"]
[Round "12.5"]
[White "Erdogdu, Mert"]
[Black "Erdogan, Hakan"]
[Result "1-0"]
[WhiteElo "2345"]
[BlackElo "2259"]
[PlyCount "61"]
[EventDate "2006.??.??"]

1. e4 Nc6 2. Nf3 f5 3. exf5 d5 4. d4 Bxf5 5. Bb5 a6 6. Bxc6+ bxc6 7. Ne5 Qd6 8.
O-O g6 9. b3 Bh6 10. Ba3 Qf6 11. Nc3 Bf4 12. Re1 h5 13. Bc1 g5 14. Qe2 Rh7 15.
g3 Bxc1 16. Raxc1 g4 17. Rf1 h4 18. Qe3 Rd8 19. f3 hxg3 20. hxg3 Qh8 21. fxg4
Rh1+ 22. Kf2 Qh2+ 23. Kf3 Rxf1+ 24. Rxf1 Bxc2 25. Rf2 Qh1+ 26. Ke2 Rd6 27. g5
Qh7 28. Qf3 Qg7 29. Qg4 Bg6 30. Qc8+ Rd8 31. Qxc7 1-0

[Event "TUR-ch Istanbul"]
[Site "Istanbul"]
[Date "2006.??.??"]
[Round "12.6"]
[White "Secer, Ata"]
[Black "Haznedaroglu, Kivanc"]
[Result "1/2-1/2"]
[WhiteElo "2229"]
[BlackElo "2438"]
[PlyCount "101"]
[EventDate "2006.??.??"]

1. e4 c5 2. Nf3 Nc6 3. d4 cxd4 4. Nxd4 Nf6 5. Nc3 d6 6. Bg5 e6 7. Qd2 Qb6 8.
O-O-O Be7 9. Be3 Ng4 10. Nxc6 Nxe3 11. Nxe7 Nxd1 12. Nxc8 Qxb2+ 13. Kxd1 Rxc8
14. Nb5 O-O 15. Bd3 a6 16. Nxd6 Rcd8 17. Nc4 Qa1+ 18. Qc1 Qxa2 19. Ne3 f5 20.
exf5 exf5 21. g3 f4 22. gxf4 Rxf4 23. Ke1 Rdf8 24. Rg1 Qa5+ 25. Qd2 Qxd2+ 26.
Kxd2 Rxf2+ 27. Kc3 Rxh2 28. Nf5 g6 29. Nd6 Rb8 30. Re1 b5 31. Re7 Rb6 32. Ne4
Rh5 33. Kd4 Rf5 34. c4 bxc4 35. Bxc4+ Kh8 36. Bd5 Rb4+ 37. Bc4 Rb6 38. Rd7 Rf4
39. Ke5 Rf5+ 40. Kd4 Rf4 41. Ke5 Rh4 42. Bd5 Rh5+ 43. Kd4 Rb4+ 44. Bc4 a5 45.
Nd6 Rh4+ 46. Kc5 Rf4 47. Ra7 Rb2 48. Rxa5 Rd2 49. Ra8+ Kg7 50. Ra7+ Kh6 51. Bg8
1/2-1/2

[Event "TUR-ch Istanbul"]
[Site "Istanbul"]
[Date "2006.03.22"]
[Round "12.7"]
[White "Atalik, Ekaterina"]
[Black "Erturan, Yakup"]
[Result "0-1"]
[WhiteElo "2399"]
[BlackElo "2365"]
[PlyCount "54"]
[EventDate "2006.??.??"]

1. d4 f5 2. c4 Nf6 3. g3 e6 4. Bg2 Be7 5. Nf3 O-O 6. O-O Ne4 7. Nfd2 d5 8. Nc3
Kh8 9. Ndxe4 dxe4 10. Bf4 Bf6 11. Nb5 Rf7 12. Be5 Bxe5 13. dxe5 Rd7 14. Qe1 a6
15. Na3 Nc6 16. f3 exf3 17. exf3 b6 18. f4 Bb7 19. Rd1 Qe7 20. Rxd7 Qxd7 21.
Nc2 Rd8 22. Ne3 Qc8 23. Qf2 Nb4 24. b3 Nd3 25. Bxb7 Qxb7 26. Rd1 Qe4 27. Nf1
Qh1+ 0-1

[Event "TUR-ch Istanbul"]
[Site "Istanbul"]
[Date "2006.03.23"]
[Round "13.1"]
[White "Gurevich, Mikhail"]
[Black "Atalik, Ekaterina"]
[Result "1/2-1/2"]
[WhiteElo "2633"]
[BlackElo "2399"]
[PlyCount "34"]
[EventDate "2006.??.??"]

1. Nf3 d5 2. c4 c6 3. e3 Nf6 4. Nc3 a6 5. d4 b5 6. b3 Bg4 7. Be2 e6 8. O-O Nbd7
9. Bb2 Be7 10. h3 Bf5 11. Bd3 Bxd3 12. Qxd3 O-O 13. Rfc1 Qb8 14. cxd5 cxd5 15.
Rc2 Rc8 16. Rac1 Qb7 17. Ne2 Nb6 1/2-1/2

[Event "TUR-ch Istanbul"]
[Site "Istanbul"]
[Date "2006.03.23"]
[Round "13.2"]
[White "Atalik, Suat"]
[Black "Kilicaslan, Hasan"]
[Result "1-0"]
[WhiteElo "2618"]
[BlackElo "2281"]
[PlyCount "71"]
[EventDate "2006.??.??"]

1. d4 Nf6 2. c4 g6 3. Nc3 Bg7 4. e4 d6 5. Nf3 O-O 6. Be2 e5 7. O-O exd4 8. Nxd4
Re8 9. f3 Nc6 10. Be3 Nh5 11. Qd2 Nf4 12. Rfd1 Nxe2+ 13. Ncxe2 Be6 14. b3 Qd7
15. Nf4 a6 16. Rac1 Rad8 17. Nxc6 bxc6 18. Bd4 Bxd4+ 19. Qxd4 Qe7 20. c5 Bc8
21. cxd6 Rxd6 22. Qc3 Red8 23. Rxd6 Qxd6 24. e5 Qe7 25. Ne2 Bf5 26. Ng3 Qg5 27.
Qe1 h5 28. Nxf5 Qxf5 29. Rxc6 Qd7 30. Rc4 Qe6 31. h4 Rd5 32. Re4 Qd7 33. Kh2
Rd1 34. Qe2 Rd2 35. Qxa6 Rc2 36. e6 1-0

[Event "TUR-ch Istanbul"]
[Site "Istanbul"]
[Date "2006.03.23"]
[Round "13.3"]
[White "Haznedaroglu, Kivanc"]
[Black "Can, Emre"]
[Result "1-0"]
[WhiteElo "2438"]
[BlackElo "2281"]
[PlyCount "61"]
[EventDate "2006.??.??"]

1. e4 e6 2. Qe2 d5 3. d3 Nc6 4. Nf3 e5 5. g3 dxe4 6. dxe4 Nf6 7. Bg2 Bc5 8. O-O
O-O 9. c3 a5 10. Nh4 Ne8 11. Nd2 a4 12. Nc4 Nd6 13. Rd1 Qf6 14. Be3 Bxe3 15.
Nxe3 Be6 16. Nd5 Qd8 17. Nf5 Bxd5 18. Rxd5 Qf6 19. Nxd6 cxd6 20. Rad1 Rfd8 21.
Qd3 h6 22. Bf1 Qg6 23. Rxd6 Rxd6 24. Qxd6 Qg4 25. h3 Qf3 26. Qd3 Qh5 27. Qe2
Qg6 28. Rd5 Qe6 29. Qg4 Rc8 30. a3 Qe8 31. Bb5 1-0

[Event "TUR-ch Istanbul"]
[Site "Istanbul"]
[Date "2006.03.23"]
[Round "13.4"]
[White "Atakisi, Umut"]
[Black "Erdogdu, Mert"]
[Result "1-0"]
[WhiteElo "2441"]
[BlackElo "2345"]
[PlyCount "83"]
[EventDate "2006.??.??"]

1. e4 c5 2. Nf3 d6 3. d4 cxd4 4. Nxd4 Nf6 5. Nc3 a6 6. Bg5 e6 7. f4 Qb6 8. Nb3
Nbd7 9. Qf3 Qc7 10. O-O-O b5 11. a3 Rb8 12. Kb1 b4 13. axb4 Rxb4 14. Bd3 Be7
15. Rhe1 Bb7 16. Qh3 Nc5 17. Nxc5 Qxc5 18. e5 dxe5 19. fxe5 Nd5 20. Nxd5 Bxd5
21. Bxe7 Qxe7 22. c3 Rb8 23. Rd2 Qa3 24. c4 Qb4 25. Red1 Bc6 26. Bg6 Ke7 27.
Qh4+ f6 28. exf6+ gxf6 29. Rf2 Rbf8 30. Qg3 e5 31. Bf5 Rf7 32. Qe3 Rb8 33. Rfd2
Rb7 34. Be4 Bxe4+ 35. Qxe4 Qb6 36. c5 Qb3 37. c6 Rc7 38. Rd7+ Rxd7 39. Rxd7+
Ke8 40. Qg4 Rxd7 41. Qxd7+ Kf8 42. c7 1-0

[Event "TUR-ch Istanbul"]
[Site "Istanbul"]
[Date "2006.03.23"]
[Round "13.5"]
[White "Erturan, Yakup"]
[Black "Secer, Ata"]
[Result "1/2-1/2"]
[WhiteElo "2365"]
[BlackElo "2229"]
[PlyCount "52"]
[EventDate "2006.??.??"]

1. e4 c5 2. Nf3 Nc6 3. Bb5 g6 4. O-O Bg7 5. Re1 Nf6 6. e5 Nd5 7. Nc3 Nc7 8.
Bxc6 dxc6 9. Ne4 Ne6 10. d3 O-O 11. Be3 b6 12. Qd2 Nd4 13. Nxd4 cxd4 14. Bh6 c5
15. Ng3 Bb7 16. f3 f5 17. exf6 exf6 18. Re2 Qd7 19. Rae1 Rae8 20. h4 Rxe2 21.
Rxe2 Re8 22. Bxg7 Kxg7 23. h5 Rxe2 24. Qxe2 g5 25. a3 a5 26. Kf2 Kf7 1/2-1/2

[Event "TUR-ch Istanbul"]
[Site "Istanbul"]
[Date "2006.03.23"]
[Round "13.6"]
[White "Erdogan, Hakan"]
[Black "Goksel, Doga Cihan"]
[Result "1-0"]
[WhiteElo "2259"]
[BlackElo "2189"]
[PlyCount "73"]
[EventDate "2006.??.??"]

1. d4 d5 2. c4 c6 3. Nf3 Nf6 4. Nc3 e6 5. Bg5 Be7 6. e3 Nbd7 7. Bd3 O-O 8. O-O
dxc4 9. Bxc4 c5 10. Rc1 a6 11. Ne5 cxd4 12. exd4 Nb6 13. Bb3 Nfd5 14. Bd2 Nf6
15. Be3 Bd7 16. Qf3 Rb8 17. Rfd1 Be8 18. d5 Nbxd5 19. Nxd5 exd5 20. Bxd5 Qa5
21. Nc4 Qb5 22. b3 Bd7 23. Ne5 Be8 24. a4 Qb4 25. Nd3 Qa5 26. Bxb7 Bd7 27. h3
Be6 28. Nc5 Bxc5 29. Bxc5 Rfd8 30. Bd6 h5 31. Bc7 Rxd1+ 32. Qxd1 Qb4 33. Bxb8
Qxb7 34. Be5 Ne4 35. Qd8+ Kh7 36. Qf8 f6 37. Rc7 1-0

[Event "TUR-ch Istanbul"]
[Site "Istanbul"]
[Date "2006.03.23"]
[Round "13.7"]
[White "Yagiz, Yasin Emrah"]
[Black "Korkmaz, Necmettin"]
[Result "1-0"]
[WhiteElo "2209"]
[BlackElo "2071"]
[PlyCount "81"]
[EventDate "2006.??.??"]

1. Nf3 Nf6 2. c4 g6 3. g3 Bg7 4. Bg2 O-O 5. O-O c6 6. d4 d5 7. Ne5 Ng4 8. Nxg4
Bxg4 9. cxd5 cxd5 10. h3 Be6 11. Qb3 Qd7 12. e3 Nc6 13. Kh2 Rac8 14. Nc3 h5 15.
Ne2 g5 16. Bd2 f6 17. Rac1 Bf7 18. a4 e5 19. a5 f5 20. Rc5 exd4 21. Bxd5 d3 22.
Nc3 Ne5 23. Rxc8 Rxc8 24. f4 Nc4 25. Bxc4 Bxc4 26. Qd1 g4 27. Re1 b5 28. axb6
axb6 29. e4 fxe4 30. Rxe4 Bd5 31. Re3 Bb7 32. Qb3+ Kh7 33. Qxb6 Bd4 34. Rxd3
Rd8 35. Rxd4 Qxd4 36. Qxb7+ Kg8 37. Ne4 Qg7 38. Qb3+ Kh7 39. Ng5+ Kg6 40. f5+
Kxf5 41. Qe6# 1-0